[Event "Sautron op 15th"]
[Site "Sautron"]
[Date "2015.10.23"]
[Round "2.24"]
[White "Richard, Emma"]
[Black "Machiels, Etienne"]
[Result "1/2-1/2"]
[WhiteElo "2061"]
[BlackElo "1815"]
[PlyCount "54"]
[EventDate "2015.10.24"]
[EventType "swiss"]
[EventRounds "9"]
[EventCountry "FRA"]
[SourceTitle "EXT 2019"]
[Source "ChessBase"]
[SourceDate "2018.10.10"]
[SourceVersion "1"]
[SourceVersionDate "2018.10.10"]
[SourceQuality "1"]

1. e4 c5 2. Nf3 e6 3. d4 cxd4 4. Nxd4 a6 5. Bd3 Bc5 6. Nb3 Ba7 7. 0-0 Nc6 8. a4 d6 9. Na3 Nge7 10. Nc4 0-0 11. a5 d5 12. Ne3 dxe4 13. Bxe4 e5 14. Bd3 Be6 15. Bd2 Rc8 16. Bc3 Nd4 17. Re1 f6 18. Bb4 Bf7 19. Nxd4 Bxd4 20. Nf5 Bc5 21. Nxe7+ Bxe7 22. Qd2 Bc5 23. Bxc5 Rxc5 24. Qb4 Qc7 25. c3 Bc4 26. Bxc4+ Rxc4 27. Qb3 Qf7 1/2-1/2

[Event "Sautron op 14th"]
[Site "Sautron"]
[Date "2014.10.26"]
[Round "4"]
[White "Duboue, Peio"]
[Black "Machiels, Etienne"]
[Result "1-0"]
[WhiteElo "2292"]
[BlackElo "1597"]
[PlyCount "43"]
[EventDate "2014.10.26"]
[EventType "swiss"]
[EventRounds "9"]
[EventCountry "FRA"]
[SourceTitle "EXT 2015"]
[Source "ChessBase"]
[SourceDate "2014.11.20"]
[SourceVersion "1"]
[SourceVersionDate "2014.11.20"]
[SourceQuality "1"]

1. e4 c5 2. Nf3 e6 3. d4 cxd4 4. Nxd4 a6 5. Bd3 d5 6. exd5 Qxd5 7. 0-0 Nd7 8. Be3 Bc5 9. Nc3 Qe5 10. Nf3 Qc7 11. Re1 Ngf6 12. Qd2 0-0 13. Bf4 Qb6 14. Na4 Qb4 15. Nxc5 Qxd2 16. Nxd2 Nxc5 17. Be2 Rd8 18. Rad1 b5 19. Nb3 Rxd1 20. Rxd1 Ncd7 21. Bf3 Ra7 22. Bb8 1-0

[Event "FRA-chTB U20 1011"]
[Site "France"]
[Date "2010.12.19"]
[Round "5.6"]
[White "Machiels, Etienne"]
[Black "Flick, Antoine"]
[Result "1-0"]
[WhiteElo "1573"]
[BlackElo "1605"]
[PlyCount "73"]
[EventDate "2010.11.20"]
[EventType "team-tourn"]
[EventRounds "7"]
[EventCountry "FRA"]
[SourceTitle "EXT 2012"]
[Source "ChessBase"]
[SourceDate "2011.11.24"]
[SourceVersion "1"]
[SourceVersionDate "2011.11.24"]
[SourceQuality "1"]
[WhiteTeam "Sautron"]
[BlackTeam "Mulhouse"]
[WhiteTeamCountry "FRA"]
[BlackTeamCountry "FRA"]

1. e4 e6 2. d4 d5 3. Nc3 Nf6 4. Bg5 Be7 5. e5 Nfd7 6. h4 Nc6 7. Nf3 Nb6 8. Be3 f6 9. exf6 Bxf6 10. Bf4 a6 11. Ne5 0-0 12. g3 Nxe5 13. Bxe5 c5 14. f4 Bxe5 15. dxe5 Bd7 16. b3 Bc6 17. Bd3 Qe7 18. Qh5 g6 19. Qg4 Kg7 20. h5 Be8 21. hxg6 Bxg6 22. 0-0-0 Qf7 23. Qg5 Rae8 24. Rh6 Rh8 25. g4 Nd7 26. Rdh1 c4 27. Bxg6 hxg6 28. Kb2 b5 29. Ne2 c3+ 30. Kb1 Reg8 31. Qh4 Qe8 32. Qg5 Rf8 33. Ng3 a5 34. Nh5+ Kf7 35. Nf6 Rxh6 36. Rxh6 Qd8 37. Rh7# 1-0